El problema de la verdad
Guardat en:
| Autor principal: | |
|---|---|
| Format: | Llibre |
| Idioma: | espanyol |
| Publicat: |
Barcelona
Herder
1964
|
| Col·lecció: | Pequeña biblioteca Herder, 47
|
| Matèries: | |
| Etiquetes: |
Afegir etiqueta
Sense etiquetes, Sigues el primer a etiquetar aquest registre!
|
MARC
| LEADER | 00000nam a2200000 a 4500 | ||
|---|---|---|---|
| 001 | UCY6882 | ||
| 003 | CL-VaPUC | ||
| 008 | 950602e19640000SP |||||||||||||||||spa|d | ||
| 082 | 0 | 4 | |a 121 |b GUZ |2 21 |
| 100 | 0 | |a Guzmán, Lorenzo de |e author |9 337009 | |
| 245 | 1 | 3 | |a El problema de la verdad |
| 300 | |a 164 p | ||
| 942 | |c BK | ||
| 945 | |d 19950602 00:00:00 |a mfernand | ||
| 260 | |a Barcelona |b Herder |c 1964 | ||
| 650 | 0 | |a Verdad |9 313815 | |
| 650 | 0 | |a Filosofía |9 223554 | |
| 650 | 0 | |a Valor |9 323720 | |
| 650 | 7 | |a CONOCIMIENTO |2 CL-VaPUC |9 308991 | |
| 650 | 7 | |a HOMBRE |2 CL-VaPUC |9 262149 | |
| 650 | 7 | |a ERRORES |2 CL-VaPUC |9 336994 | |
| 650 | 0 | |a Libre albedrío |9 334583 | |
| 650 | 0 | |a Ontología |9 256850 | |
| 583 | |a last modification |c 19950602 00:00:00 |k Rodrigo Vera | ||
| 490 | 0 | |a Pequeña biblioteca Herder, 47 | |
| 999 | |c 234371 |d 234369 | ||
| 952 | |0 0 |1 0 |4 0 |6 121_000000000000000_GUZ_1964 |7 0 |8 P |9 240555 |a BIBEDU |b BIBEDU |c BIBEDU_PB |d 2019-11-18 |i 1511769 |o 121 GUZ 1964 |p 1511769 |r 2024-01-25 |w 2019-11-18 |y BK |k EDU | ||
| 952 | |0 0 |1 0 |4 0 |6 121_000000000000000_GUZ_1964 |7 0 |8 P |9 240556 |a BIBEDU |b BIBEDU |c BIBEDU_PB |d 2019-11-18 |i 1511777 |o 121 GUZ 1964 |p 1511777 |r 2024-01-25 |w 2019-11-18 |y BK |k EDU | ||